|
|
|
|
| LEADER |
00000nam0a2200000 4500 |
| 001 |
59742 |
| 005 |
20231031060434.0 |
| 010 |
|
|
|a 5020018619
|
| 035 |
|
|
|a (RuTPU)RU\TPU\book\63198
|
| 090 |
|
|
|a 59742
|
| 100 |
|
|
|a 20040126d1993 k y0rusy50 ca
|
| 101 |
0 |
|
|a rus
|
| 102 |
|
|
|a RU
|
| 105 |
|
|
|a y z 001zy
|
| 200 |
1 |
|
|a Релаксационные процессы в твердых электролитах
|f Р. М. Гусейнов
|g Институт электрохимии
|
| 210 |
|
|
|a Москва
|c Наука
|d 1993
|
| 215 |
|
|
|a 159 с.
|
| 225 |
1 |
|
|a Электрохимия
|
| 320 |
|
|
|a Библиогр.: с. 153-159
|
| 610 |
1 |
|
|a электрохимия
|
| 610 |
1 |
|
|a электролиты
|
| 610 |
1 |
|
|a релаксация
|
| 610 |
1 |
|
|a релаксационные процессы
|
| 610 |
1 |
|
|a твердые электролиты
|
| 675 |
|
|
|a 544.6.018.4
|v 3
|
| 700 |
|
1 |
|a Гусейнов
|b Р. М.
|g Ризван Меджидович
|
| 712 |
0 |
2 |
|a Российская академия наук (РАН)
|b Институт физической химии и электрохимии им. А. Н. Фрумкина (ИФХЭ)
|c (Москва)
|2 stltpush
|3 (RuTPU)RU\TPU\col\11575
|
| 801 |
|
1 |
|a RU
|b 63413507
|c 20040126
|g PSBO
|
| 801 |
|
2 |
|a RU
|b 63413507
|c 20130808
|g PSBO
|
| 942 |
|
|
|c BK
|